Геохимия вод и особенности современного минералообразования в бессточных озерах лесостепной зоны Зауралья и Ишимской равнины: диссертация на соискание ученой степени кандидата геолого-минералогических наук; спец. 1.6.4
| Main Author: | |
|---|---|
| Corporate Authors: | , |
| Other Authors: | |
| Summary: | Заглавие с титульного экрана Электронная версия печатной публикации Защита сост. 07.02.2024 На правах рукописи Текстовый файл |
| Language: | Russian |
| Published: |
Томск, 2023
|
| Subjects: | |
| Online Access: | https://earchive.tpu.ru/handle/11683/77164 |
| Format: | Electronic Book |
| KOHA link: | https://koha.lib.tpu.ru/cgi-bin/koha/opac-detail.pl?biblionumber=670074 |
MARC
| LEADER | 00000nam0a2200000 4500 | ||
|---|---|---|---|
| 001 | 670074 | ||
| 005 | 20240117095639.0 | ||
| 090 | |a 670074 | ||
| 100 | |a 20231215d2023 k||y0rusy50 ca | ||
| 101 | 0 | |a rus | |
| 102 | |a RU | ||
| 105 | |a a m 001yy | ||
| 135 | |a drcn ---uucaa | ||
| 181 | 0 | |a i |b e | |
| 182 | 0 | |a b | |
| 183 | 0 | |a cr |2 RDAcarrier | |
| 200 | 1 | |a Геохимия вод и особенности современного минералообразования в бессточных озерах лесостепной зоны Зауралья и Ишимской равнины |e диссертация на соискание ученой степени кандидата геолого-минералогических наук |e спец. 1.6.4 |f А. А. Новоселов |g Национальный исследовательский Томский политехнический университет, Тюменский государственный университет ; науч. рук. В. Ю. Хорошавин | |
| 203 | |a Текст |c электронный |b визуальный | ||
| 210 | 1 | |a Томск |d 2023 | |
| 215 | |a 1 файл (8 993 КБ, 126 с.) |c pdf | ||
| 283 | |2 RDAcarrier |a online_resource | ||
| 300 | |a Заглавие с титульного экрана | ||
| 300 | |a Электронная версия печатной публикации | ||
| 300 | |a Защита сост. 07.02.2024 | ||
| 320 | |a Библиогр.: с. 103-126 | ||
| 333 | |a На правах рукописи | ||
| 336 | |a Текстовый файл | ||
| 606 | |a Рудообразование осадочное |9 50064 | ||
| 606 | |a Озера |x Гидрохимия |9 65917 | ||
| 610 | 1 | |a электронный ресурс | |
| 610 | 1 | |a диссертации | |
| 610 | 1 | |a геохимия | |
| 610 | 1 | |a минералообразование | |
| 610 | 1 | |a бессточные озера | |
| 610 | 1 | |a лесостепные зоны | |
| 610 | 1 | |a Зауралье | |
| 610 | 1 | |a Ишимская равнина | |
| 610 | 1 | |a донные отложения | |
| 610 | 1 | |a гидрохимический состав вод | |
| 610 | 1 | |a физико-химический состав вод | |
| 610 | 1 | |a высокомагнезиальные карбонаты | |
| 675 | |a 553.2.068(04) |v 4 |z rus | ||
| 675 | |a 556.551(04) |v 4 |z rus | ||
| 686 | |2 oksvnk |a 25.00.05 | ||
| 686 | |2 oksvnk |a 25.00.09 | ||
| 700 | 1 | |a Новоселов |b А. А. |g Андрей Андреевич | |
| 702 | 1 | |a Хорошавин |b В. Ю. |g Виталий Юрьевич |4 695 | |
| 712 | 0 | 2 | |a Национальный исследовательский Томский политехнический университет |c (2009- ) |9 26305 |4 070 |
| 712 | 0 | 2 | |a Тюменский государственный университет |9 24005 |4 070 |
| 801 | 0 | |a RU |b 63413507 |c 20231215 |g RCR | |
| 850 | |a 63413507 | ||
| 856 | 4 | |u https://earchive.tpu.ru/handle/11683/77164 |z https://earchive.tpu.ru/handle/11683/77164 | |
| 942 | |c CF | ||